00454nam a2200145Ia 4500003000900000008004100009040003300050041000800083080001400091100002100105245008700126246004100213260004000254300001400294LK-CoDNM010623t2010 xxu||||| |||| 00| 1 sin d aLK-CoDNMdLK-CoDNMeLK-CoDNM asin aX82-9 PRE aPremarathna,K.G. aපුරාතන ගද්‍ය සංග්‍ර‍හය විචාරය aPurathana Gadya Sangrahaya Vicharaya bPradeepa PrakasakayoaColomboc2010 b80, 21 cm